000 00413nam a2200157Ia 4500
008 230116s9999 xx 000 0 und d
020 _a9789063693657
041 _aeng
082 _a720.22
100 _aMari A D.
_9106471
245 _aConditional Design : An Introduction To Elemental Architecture.
260 _bB/s Publishers.
_c2021
300 _a156
906 _b37.0
999 _c16919
_d16919